عرض عادي
عرض مارك
- Finkelstein, Sydney
مدخل إسم شخص
001 - رقم الضبط
- حقل الضبط: 45526
003 - معرف رقم الضبط
- حقل الضبط: OSt
005 - تاريخ ووقت أخر عملية
- حقل الضبط: 20140520142040.0
008 - عناصر بيانات ثابتة الطول
- حقل تحكم ثابت الطول: 140520|||a|||||| | ||| d
040 ## - مصدر الفهرسة
- هيئة الفهرسة الأصلية: OSt
- وكالة الكتابة: OSt
100 ## - مدخل -- أسم شخص
- إسم شخص: Finkelstein, Sydney
670 ## - بيانات المصدر موجوده
- الاستشهاد بالمصدر: Work cat.: (OSt): Advances in mergers and acquisitions /, 2013
